| 000 | 00418nam a2200121Ia 4500 | ||
|---|---|---|---|
| 008 | 220216s9999 xx 000 0 und d | ||
| 100 | _aGomez J B | ||
| 245 | 0 | _aComparative ultracytology of young and mature latex vessels in Hevea brasiliensis | |
| 260 | _bProceedings of the International Rubber Conference, Kuala Lumpur. V.2, 1975; p143-164 | ||
| 650 | _aHevea brasiliensis | ||
| 650 | _aLatex vessels | ||
| 942 | _cJS | ||
| 999 |
_c55975 _d55975 |
||